00328nam a2200133Ia 4500003000400000008004100004020002600045040000800071100001500079245004200094260003400136300001300170365001100183LDD181029s9999 xx 000 0 und d a9788180302572c795.00 cLDD aSharma, G. 0aBasic analytical chemistrycG. Sharma aNew DelhibCampus Booksc2010 av, 272p. b795.00